[Event "WJCC U20 Open 2019"]
[Site "New Delhi"]
[Date "2019.10.17"]
[Round "4.15"]
[White "Sankalp Gupta"]
[Black "Rahul Srivatshav P"]
[Result "1/2-1/2"]
[WhiteElo "2369"]
[BlackElo "2460"]
[Annotator "ChessBase"]
[PlyCount "77"]
[EventDate "2019.10.15"]
[EventType "swiss"]
[EventCountry "IND"]
[SourceTitle "playchess.com"]
[Source "ChessBase"]
[SourceQuality "1"]
[TimeControl "40/5400+30:1800+30"]

1. d4 {[%emt 0:06:18]} Nf6 {[%emt 0:00:51]} 2. Nf3 {[%emt 0:00:12]} g6 {[%emt 0:00:07]} 3. Bg5 {[%emt 0:00:06]} Bg7 {[%emt 0:00:04]} 4. Nbd2 {[%emt 0:00:06]} c5 {[%emt 0:00:05]} 5. Bxf6 {[%emt 0:00:05]} Bxf6 {[%emt 0:00:05]} 6. Ne4 {[%emt 0:00:04]} Bxd4 {[%emt 0:00:03]} 7. Nxd4 {[%emt 0:00:06]} cxd4 {[%emt 0:00:03]} 8. Qxd4 {[%emt 0:00:03]} O-O {[%emt 0:00:04]} 9. c4 {[%emt 0:00:15]} Nc6 {[%emt 0:12:02]} 10. Qd2 {[%emt 0:05:45]} d6 {[%emt 0:00:26]} 11. Nc3 {[%emt 0:00:04]} a6 {[%emt 0:09:16]} 12. e4 {[%emt 0:02:31]} e5 {[%emt 0:08:01]} 13. Rd1 {[%emt 0:09:37]} Qa5 {[%emt 0:06:48]} 14. h4 {[%emt 0:04:45]} Nd4 {[%emt 0:17:18]} 15. h5 {[%emt 0:08:41]} Be6 {[%emt 0:03:45]} 16. Qh6 {[%emt 0:01:59]} Qc7 {[%emt 0:00:04]} 17. f4 {[%emt 0:00:55]} Qe7 {[%emt 0:05:47]} 18. g4 {[%emt 0:02:56]} b5 {[%emt 0:04:39]} 19. f5 {[%emt 0:05:54]} b4 {[%emt 0:01:14]} 20. Ne2 {[%emt 0:02:34]} Nf3+ {[%emt 0:02:36]} 21. Kf2 {[%emt 0:00:09]} Ng5 {[%emt 0:00:03]} 22. Ng3 {[%emt 0:01:32]} Bd7 {[%emt 0:08:42]} 23. c5 {[%emt 0:02:57]} gxf5 {[%emt 0:01:19]} 24. Qxd6 {[%emt 0:26:00]} Qxd6 {[%emt 0:00:16]} 25. Rxd6 {[%emt 0:00:02]} f4 {[%emt 0:00:04]} 26. Rxd7 {[%emt 0:00:06]} fxg3+ {[%emt 0:04:25]} 27. Kxg3 {[%emt 0:02:22]} Nxe4+ {[%emt 0:00:10]} 28. Kh4 {[%emt 0:00:42]} Nxc5 {[%emt 0:00:35]} 29. Rd5 {[%emt 0:00:08]} Ne6 {[%emt 0:02:29]} 30. Rxe5 {[%emt 0:01:27]} h6 {[%emt 0:04:04]} 31. Ra5 {[%emt 0:03:11]} Rfd8 {[%emt 0:00:45]} 32. Rxa6 {[%emt 0:05:03]} Rxa6 {[%emt 0:01:42]} 33. Bxa6 {[%emt 0:00:13]} Rd2 {[%emt 0:00:02]} 34. Rb1 {[%emt 0:00:20]} Nc5 {[%emt 0:00:05]} 35. Bc4 {[%emt 0:03:12]} Ne4 {[%emt 0:01:28]} 36. Kh3 {[%emt 0:00:06]} Kg7 {[%emt 0:01:36]} 37. Rf1 {[%emt 0:04:02]} Ng5+ {[%emt 0:00:51]} 38. Kg3 {[%emt 0:00:05]} Rxb2 {[%emt 0:01:33]} 39. Bb3 {[%emt 0:01:53]} 1/2-1/2

[Event "WJCC U20 Open 2019"]
[Site "New Delhi"]
[Date "2019.10.17"]
[Round "4.16"]
[White "Audi Ameya"]
[Black "Raghunandan, Kaumandur Srihari"]
[Result "1/2-1/2"]
[WhiteElo "2336"]
[BlackElo "2449"]
[Annotator "NA"]
[PlyCount "62"]
[EventDate "2019.10.15"]
[EventType "swiss"]
[EventCountry "IND"]
[SourceTitle "playchess.com"]
[Source "ChessBase"]
[SourceQuality "1"]
[TimeControl "40/5400+30:1800+30"]

1. e4 {[%emt 0:00:00]} g6 {[%emt 0:00:00]} 2. d4 {[%emt 0:00:00]} Bg7 {[%emt 0:00:00]} 3. h4 {[%emt 0:02:37]} c5 {[%emt 0:08:55]} 4. d5 {[%emt 0:04:08]} h5 {[%emt 0:03:52]} 5. Nf3 {[%emt 0:00:56]} d6 {[%emt 0:01:26]} 6. Nc3 {[%emt 0:21:33]} Nf6 {[%emt 0:02:35]} 7. Be2 {[%emt 0:01:42]} O-O {[%emt 0:02:08]} 8. Bf4 {[%emt 0:00:17]} b5 {[%emt 0:02:48]} 9. Bxb5 {[%emt 0:06:40]} Nxe4 {[%emt 0:00:34]} 10. Nxe4 {[%emt 0:00:26]} Qa5+ {[%emt 0:00:10]} 11. Nc3 {[%emt 0:00:10]} Bxc3+ {[%emt 0:00:08]} 12. bxc3 {[%emt 0:00:03]} Qxb5 {[%emt 0:00:10]} 13. Qd3 {[%emt 0:01:22]} Qa4 {[%emt 0:02:57]} 14. c4 {[%emt 0:07:45]} Bf5 {[%emt 0:00:55]} 15. Qc3 {[%emt 0:00:02]} Qxc2 {[%emt 0:00:30]} 16. Qxc2 {[%emt 0:00:03]} Bxc2 {[%emt 0:00:04]} 17. Kd2 {[%emt 0:00:04]} Bf5 {[%emt 0:17:19]} 18. Rhe1 {[%emt 0:01:40]} e5 {[%emt 0:00:09]} 19. dxe6 {[%emt 0:01:06]} fxe6 {[%emt 0:00:09]} 20. Kc3 {[%emt 0:00:15]} e5 {[%emt 0:08:01]} 21. Bg5 {[%emt 0:00:51]} Rf7 {[%emt 0:00:31]} 22. Rad1 {[%emt 0:01:16]} Rd7 {[%emt 0:01:23]} 23. Nd2 {[%emt 0:04:47]} Nc6 {[%emt 0:00:30]} 24. Ne4 {[%emt 0:00:29]} Bxe4 {[%emt 0:00:42]} 25. Rxe4 {[%emt 0:00:02]} Rb8 {[%emt 0:04:46]} 26. f4 {[%emt 0:01:59]} Nb4 {[%emt 0:17:14]} 27. Rxe5 {[%emt 0:13:10]} Nxa2+ {[%emt 0:00:20]} 28. Kc2 {[%emt 0:00:02]} Nb4+ {[%emt 0:15:30]} 29. Kc3 {[%emt 0:00:02]} Na2+ {[%emt 0:03:23]} 30. Kc2 {[%emt 0:00:02]} Nb4+ {[%emt 0:05:24]} 31. Kc3 {[%emt 0:00:02]} Na2+ {[%emt 0:00:07]} 1/2-1/2

[Event "WJCC U20 Open 2019"]
[Site "New Delhi"]
[Date "2019.10.17"]
[Round "4.17"]
[White "Garidmagnai, Byambasuren"]
[Black "Raja Harshit"]
[Result "0-1"]
[WhiteElo "2327"]
[BlackElo "2440"]
[Annotator "NA"]
[PlyCount "108"]
[EventDate "2019.10.15"]
[EventType "swiss"]
[EventCountry "IND"]
[SourceTitle "playchess.com"]
[Source "ChessBase"]
[SourceQuality "1"]
[TimeControl "40/5400+30:1800+30"]

1. d4 {[%emt 0:00:00]} Nf6 {[%emt 0:01:42]} 2. c4 {[%emt 0:00:00]} e6 {[%emt 0:00:58]} 3. Nc3 {[%emt 0:00:00]} Bb4 {[%emt 0:00:32]} 4. Qc2 {[%emt 0:00:00]} O-O {[%emt 0:00:12]} 5. a3 {[%emt 0:00:05]} Bxc3+ {[%emt 0:00:39]} 6. Qxc3 {[%emt 0:00:09]} d5 {[%emt 0:00:14]} 7. Nf3 {[%emt 0:01:41]} dxc4 {[%emt 0:00:25]} 8. Qxc4 {[%emt 0:01:17]} b6 {[%emt 0:00:13]} 9. g3 {[%emt 0:04:18]} Ba6 {[%emt 0:00:29]} 10. Qc2 {[%emt 0:01:26]} Nbd7 {[%emt 0:00:14]} 11. Bg2 {[%emt 0:04:03]} c5 {[%emt 0:00:38]} 12. O-O {[%emt 0:11:02]} Rc8 {[%emt 0:00:14]} 13. Qd1 {[%emt 0:03:14]} Qe7 {[%emt 0:05:30]} 14. Re1 {[%emt 0:01:48]} Bb7 {[%emt 0:09:41]} 15. Qa4 {[%emt 0:07:42]} cxd4 {[%emt 0:12:30]} 16. Qxd4 {[%emt 0:16:58]} Nc5 {[%emt 0:02:20]} 17. Bg5 {[%emt 0:00:16]} Nb3 {[%emt 0:02:47]} 18. Bxf6 {[%emt 0:00:57]} Qxf6 {[%emt 0:00:06]} 19. Qxf6 {[%emt 0:00:05]} gxf6 {[%emt 0:00:06]} 20. Rad1 {[%emt 0:00:22]} Rfd8 {[%emt 0:05:16]} 21. Nd4 {[%emt 0:07:29]} Rxd4 {[%emt 0:07:58]} 22. Rxd4 {[%emt 0:02:54]} Nxd4 {[%emt 0:00:03]} 23. Bxb7 {[%emt 0:00:12]} Rc2 {[%emt 0:00:10]} 24. Rd1 {[%emt 0:00:11]} Rc1 {[%emt 0:06:11]} 25. Rxc1 {[%emt 0:00:17]} Nxe2+ {[%emt 0:00:02]} 26. Kf1 {[%emt 0:01:52]} Nxc1 {[%emt 0:00:08]} 27. Ba6 {[%emt 0:00:15]} Nb3 {[%emt 0:00:06]} 28. Ke2 {[%emt 0:00:16]} Kf8 {[%emt 0:00:26]} 29. Bc4 {[%emt 0:00:17]} Na5 {[%emt 0:03:57]} 30. Bd3 {[%emt 0:01:13]} f5 {[%emt 0:00:36]} 31. Ke3 {[%emt 0:01:01]} Ke7 {[%emt 0:01:19]} 32. Kf4 {[%emt 0:02:38]} Kf6 {[%emt 0:00:42]} 33. Bb5 {[%emt 0:00:47]} Nb3 {[%emt 0:02:04]} 34. Ke3 {[%emt 0:00:29]} Ke5 {[%emt 0:03:45]} 35. Bc4 {[%emt 0:00:42]} Na5 {[%emt 0:00:16]} 36. Ba2 {[%emt 0:01:28]} Nc6 {[%emt 0:00:21]} 37. Bc4 {[%emt 0:02:52]} Ne7 {[%emt 0:00:44]} 38. f4+ {[%emt 0:02:09]} Kd6 {[%emt 0:02:07]} 39. b4 {[%emt 0:02:06]} a5 {[%emt 0:05:16]} 40. bxa5 {[%emt 0:06:37]} Kc5 {[%emt 0:04:02]} 41. Kd3 {[%emt 0:31:21]} bxa5 {[%emt 0:33:12]} 42. a4 {[%emt 0:00:23]} Nd5 {[%emt 0:00:39]} 43. Bb5 {[%emt 0:01:04]} Nc7 {[%emt 0:07:39]} 44. Bd7 {[%emt 0:00:15]} Kd6 {[%emt 0:00:07]} 45. Bc8 {[%emt 0:00:05]} Nd5 {[%emt 0:00:04]} 46. Kd4 {[%emt 0:01:40]} Nb6 {[%emt 0:00:06]} 47. Bb7 {[%emt 0:00:04]} Nxa4 {[%emt 0:00:05]} 48. Kc4 {[%emt 0:00:06]} f6 {[%emt 0:07:08]} 49. Kb5 {[%emt 0:01:37]} Nc5 {[%emt 0:00:20]} 50. Bg2 {[%emt 0:00:09]} a4 {[%emt 0:00:20]} 51. Kb4 {[%emt 0:00:03]} e5 {[%emt 0:00:05]} 52. Bh3 {[%emt 0:00:06]} e4 {[%emt 0:02:01]} 53. Bxf5 {[%emt 0:00:09]} e3 {[%emt 0:00:23]} 54. Bg4 {[%emt 0:00:42]} Kd5 {[%emt 0:00:37]} 0-1

[Event "WJCC U20 Open 2019"]
[Site "New Delhi"]
[Date "2019.10.17"]
[Round "4.18"]
[White "Murzin, Volodar"]
[Black "Miciano, John Marvin"]
[Result "1/2-1/2"]
[WhiteElo "2433"]
[BlackElo "2345"]
[Annotator "NA"]
[PlyCount "95"]
[EventDate "2019.10.15"]
[EventType "swiss"]
[EventCountry "IND"]
[SourceTitle "playchess.com"]
[Source "ChessBase"]
[SourceQuality "1"]
[TimeControl "40/5400+30:1800+30"]

1. e4 {[%emt 0:00:00]} e5 {[%emt 0:00:02]} 2. Nf3 {[%emt 0:00:00]} Nf6 {[%emt 0:00:15]} 3. Nxe5 {[%emt 0:00:05]} d6 {[%emt 0:00:13]} 4. Nf3 {[%emt 0:00:12]} Nxe4 {[%emt 0:00:08]} 5. d3 {[%emt 0:05:57]} Nf6 $11 {[%emt 0:02:30]} 6. d4 {[%emt 0:00:24]} Be7 {[%emt 0:04:25]} 7. Bd3 {[%emt 0:00:30]} O-O {[%emt 0:01:11]} 8. O-O {[%emt 0:01:55]} Bg4 {[%emt 0:02:43]} 9. Nbd2 {[%emt 0:03:47]} Nbd7 {[%emt 0:01:55]} 10. Re1 {[%emt 0:01:31]} Re8 {[%emt 0:00:37]} 11. Nf1 {[%emt 0:04:36]} c6 {[%emt 0:05:19]} 12. Ng3 {[%emt 0:02:30]} Qb6 {[%emt 0:03:11]} 13. h3 {[%emt 0:06:28]} Bxf3 {[%emt 0:01:03]} 14. Qxf3 {[%emt 0:00:16]} Bf8 {[%emt 0:01:42]} 15. Rd1 {[%emt 0:03:05]} d5 {[%emt 0:06:38]} 16. a4 {[%emt 0:09:04]} a5 {[%emt 0:02:03]} 17. Bg5 {[%emt 0:06:13]} h6 {[%emt 0:01:29]} 18. Be3 {[%emt 0:05:18]} g6 {[%emt 0:00:46]} 19. Ne2 {[%emt 0:02:50]} Bg7 {[%emt 0:01:37]} 20. Nf4 {[%emt 0:06:31]} Nf8 {[%emt 0:01:50]} 21. Rdb1 {[%emt 0:02:41]} Ne6 {[%emt 0:03:39]} 22. Nxe6 {[%emt 0:00:42]} Rxe6 {[%emt 0:00:09]} 23. c3 {[%emt 0:03:38]} Ne4 {[%emt 0:01:59]} 24. Bxe4 {[%emt 0:04:34]} Rxe4 {[%emt 0:01:08]} 25. b4 {[%emt 0:00:09]} axb4 {[%emt 0:00:32]} 26. Rxb4 {[%emt 0:01:22]} Qc7 {[%emt 0:02:04]} 27. Rab1 {[%emt 0:00:28]} Ra7 {[%emt 0:01:00]} 28. c4 {[%emt 0:01:11]} Qd7 {[%emt 0:02:41]} 29. Qg3 {[%emt 0:05:00]} Re8 {[%emt 0:01:28]} 30. c5 {[%emt 0:03:43]} Kh7 {[%emt 0:06:39]} 31. Qd6 {[%emt 0:03:55]} Qc8 {[%emt 0:01:56]} 32. Qg3 {[%emt 0:01:44]} Kg8 {[%emt 0:05:27]} 33. Qf3 {[%emt 0:03:58]} Qd7 {[%emt 0:03:13]} 34. Qd1 {[%emt 0:01:55]} Kh7 {[%emt 0:02:17]} 35. Qb3 {[%emt 0:01:00]} Re7 {[%emt 0:00:41]} 36. Qd3 {[%emt 0:02:03]} Qc7 {[%emt 0:02:55]} 37. Qd2 {[%emt 0:00:15]} Qc8 {[%emt 0:01:37]} 38. Qc2 {[%emt 0:01:49]} Qc7 {[%emt 0:01:01]} 39. Re1 {[%emt 0:01:00]} Qd7 {[%emt 0:01:13]} 40. Reb1 {[%emt 0:04:40]} Qc7 {[%emt 0:02:22]} 41. R1b3 {[%emt 0:32:14]} Qc8 {[%emt 0:30:55]} 42. Qb1 {[%emt 0:00:41]} Qa8 {[%emt 0:00:58]} 43. Qa2 {[%emt 0:00:00]} Re4 {[%emt 0:00:00]} 44. Rb1 {[%emt 0:00:00]} Re7 {[%emt 0:00:00]} 45. Qc2 {[%emt 0:00:00]} Qc8 {[%emt 0:00:00]} 46. Qd3 {[%emt 0:00:00]} Qa8 {[%emt 0:00:00]} 47. Qc2 {[%emt 0:00:00]} Qc8 {[%emt 0:00:00]} 48. Qd3 {[%emt 0:00:00]} 1/2-1/2

[Event "WJCC U20 Open 2019"]
[Site "New Delhi"]
[Date "2019.10.17"]
[Round "4.19"]
[White "Aaryan Varshney"]
[Black "Aditya Mittal"]
[Result "1-0"]
[WhiteElo "2239"]
[BlackElo "2430"]
[Annotator "NA"]
[PlyCount "67"]
[EventDate "2019.10.15"]
[EventType "swiss"]
[EventCountry "IND"]
[SourceTitle "playchess.com"]
[Source "ChessBase"]
[SourceQuality "1"]
[TimeControl "40/5400+30:1800+30"]

1. d4 {[%emt 0:00:19]} Nf6 {[%emt 0:00:00]} 2. c4 {[%emt 0:01:05]} b6 {[%emt 0:00:11]} 3. Nf3 {[%emt 0:01:07]} Bb7 {[%emt 0:00:03]} 4. g3 {[%emt 0:00:17]} g6 {[%emt 0:00:13]} 5. Bg2 {[%emt 0:00:38]} Bg7 {[%emt 0:00:02]} 6. O-O {[%emt 0:01:41]} O-O $11 {[%emt 0:00:03]} 7. Qc2 {[%emt 0:02:39]} e6 {[%emt 0:13:56]} 8. Nc3 {[%emt 0:03:02]} c5 {[%emt 0:01:34]} 9. dxc5 {[%emt 0:08:47]} bxc5 {[%emt 0:00:46]} 10. Bf4 {[%emt 0:00:34]} Na6 {[%emt 0:07:41]} 11. Bd6 {[%emt 0:01:20]} Re8 {[%emt 0:00:16]} 12. Rfd1 {[%emt 0:02:54]} Qb6 {[%emt 0:07:20]} 13. a3 {[%emt 0:03:34]} Nd5 {[%emt 0:11:25]} 14. Be5 {[%emt 0:19:02]} f6 {[%emt 0:13:03]} 15. cxd5 {[%emt 0:03:33]} fxe5 {[%emt 0:00:07]} 16. dxe6 {[%emt 0:00:28]} dxe6 {[%emt 0:09:25]} 17. Nd2 {[%emt 0:04:18]} Bxg2 {[%emt 0:03:22]} 18. Kxg2 {[%emt 0:01:01]} Red8 {[%emt 0:02:29]} 19. e3 {[%emt 0:02:34]} Qb7+ {[%emt 0:03:08]} 20. Kg1 {[%emt 0:01:45]} Nc7 {[%emt 0:05:18]} 21. Nce4 {[%emt 0:01:48]} Nd5 {[%emt 0:02:20]} 22. Nxc5 {[%emt 0:02:00]} Qb6 {[%emt 0:00:08]} 23. Nde4 {[%emt 0:02:31]} Rdc8 {[%emt 0:02:28]} 24. b4 {[%emt 0:01:17]} a5 {[%emt 0:01:10]} 25. Rab1 {[%emt 0:04:29]} axb4 {[%emt 0:02:47]} 26. axb4 {[%emt 0:00:34]} Ra3 {[%emt 0:00:19]} 27. Qe2 {[%emt 0:01:24]} h5 {[%emt 0:02:27]} 28. g4 {[%emt 0:01:43]} Bh6 {[%emt 0:03:28]} 29. gxh5 {[%emt 0:05:47]} Bxe3 {[%emt 0:01:04]} 30. fxe3 {[%emt 0:01:03]} Rxe3 {[%emt 0:00:14]} 31. Nf6+ {[%emt 0:01:03]} Nxf6 {[%emt 0:04:01]} 32. Qxe3 {[%emt 0:00:10]} Ng4 {[%emt 0:00:06]} 33. Qg5 {[%emt 0:00:31]} Rxc5 {[%emt 0:00:13]} 34. Qd8+ {[%emt 0:00:10]} 1-0

[Event "WJCC U20 Open 2019"]
[Site "New Delhi"]
[Date "2019.10.17"]
[Round "4.20"]
[White "Muthaiah AL"]
[Black "Aravindh, Chithambaram VR."]
[Result "0-1"]
[WhiteElo "2370"]
[BlackElo "2609"]
[Annotator "RC"]
[PlyCount "114"]
[EventDate "2019.10.15"]
[EventType "swiss"]
[EventCountry "IND"]
[SourceTitle "playchess.com"]
[Source "ChessBase"]
[SourceQuality "1"]
[TimeControl "40/5400+30:1800+30"]

1. c4 {[%emt 0:00:00]} e5 {[%emt 0:01:14]} 2. Nc3 {[%emt 0:00:37]} Bb4 {[%emt 0:00:19]} 3. e3 {[%emt 0:02:29]} Nf6 {[%emt 0:01:09]} 4. Nge2 {[%emt 0:00:35]} O-O {[%emt 0:00:45]} 5. a3 {[%emt 0:01:04]} Be7 {[%emt 0:00:14]} 6. d4 {[%emt 0:01:19]} exd4 {[%emt 0:00:13]} 7. Nxd4 {[%emt 0:10:30]} d5 {[%emt 0:00:19]} 8. cxd5 {[%emt 0:04:46]} Nxd5 {[%emt 0:01:12]} 9. Bd2 {[%emt 0:00:19]} Bf6 {[%emt 0:06:05]} 10. Nxd5 {[%emt 0:08:56]} Qxd5 {[%emt 0:00:15]} 11. Bc3 {[%emt 0:00:11]} Re8 {[%emt 0:08:08]} 12. Nb5 {[%emt 0:10:50]} Bxc3+ {[%emt 0:06:40]} 13. Nxc3 {[%emt 0:00:48]} Qg5 {[%emt 0:02:43]} 14. Qf3 {[%emt 0:03:15]} Nc6 {[%emt 0:03:17]} 15. Qg3 {[%emt 0:05:10]} Qe5 {[%emt 0:06:28]} 16. Bb5 {[%emt 0:06:57]} Bd7 {[%emt 0:00:08]} 17. Rd1 {[%emt 0:02:51]} Rad8 {[%emt 0:00:37]} 18. Qxe5 {[%emt 0:02:27]} Nxe5 {[%emt 0:00:32]} 19. Bxd7 {[%emt 0:00:22]} Rxd7 {[%emt 0:00:17]} 20. Rxd7 {[%emt 0:01:10]} Nxd7 {[%emt 0:00:04]} 21. Ke2 {[%emt 0:00:21]} Kf8 {[%emt 0:05:24]} 22. Rd1 {[%emt 0:02:37]} Ke7 {[%emt 0:00:25]} 23. Rd4 {[%emt 0:07:29]} Kd8 {[%emt 0:02:18]} 24. Re4 {[%emt 0:01:56]} c6 {[%emt 0:05:43]} 25. Rxe8+ {[%emt 0:01:33]} Kxe8 {[%emt 0:00:05]} 26. e4 {[%emt 0:00:43]} Ke7 {[%emt 0:04:59]} 27. f4 {[%emt 0:01:59]} f6 {[%emt 0:00:30]} 28. b4 {[%emt 0:06:17]} Kd6 {[%emt 0:02:15]} 29. Kd3 {[%emt 0:03:05]} a6 {[%emt 0:00:13]} 30. a4 {[%emt 0:03:21]} b6 {[%emt 0:03:31]} 31. h4 {[%emt 0:02:52]} Nf8 {[%emt 0:01:41]} 32. g3 {[%emt 0:02:12]} Ne6 {[%emt 0:00:34]} 33. Ne2 {[%emt 0:02:01]} g6 {[%emt 0:07:23]} 34. Nd4 {[%emt 0:00:23]} Ng7 {[%emt 0:00:35]} 35. Ne2 {[%emt 0:01:11]} b5 {[%emt 0:01:32]} 36. axb5 {[%emt 0:00:09]} axb5 {[%emt 0:00:06]} 37. Nd4 {[%emt 0:01:40]} Nh5 {[%emt 0:01:55]} 38. Ne2 {[%emt 0:00:10]} f5 {[%emt 0:02:46]} 39. e5+ {[%emt 0:02:22]} Kd5 {[%emt 0:00:11]} 40. Nc3+ {[%emt 0:00:59]} Ke6 {[%emt 0:00:06]} 41. Ne2 {[%emt 0:30:27]} Kd5 {[%emt 0:30:41]} 42. Nc3+ {[%emt 0:00:40]} Ke6 {[%emt 0:00:06]} 43. Ne2 {[%emt 0:00:38]} c5 {[%emt 0:00:59]} 44. bxc5 {[%emt 0:00:00]} Kd5 {[%emt 0:00:00]} 45. c6 {[%emt 0:00:00]} Kxc6 {[%emt 0:00:00]} 46. Kd4 {[%emt 0:00:00]} Ng7 {[%emt 0:00:00]} 47. e6 {[%emt 0:00:00]} Kd6 {[%emt 0:00:00]} 48. e7 {[%emt 0:00:00]} Ne6+ {[%emt 0:00:00]} 49. Kc3 {[%emt 0:00:00]} Kxe7 {[%emt 0:00:00]} 50. Kb4 {[%emt 0:00:00]} Kd6 {[%emt 0:00:00]} 51. Nc3 {[%emt 0:04:40]} Nc7 {[%emt 0:00:00]} 52. Nd1 {[%emt 0:01:07]} Kd5 {[%emt 0:00:00]} 53. Nf2 {[%emt 0:00:17]} Kd4 {[%emt 0:00:00]} 54. g4 {[%emt 0:00:38]} Ke3 {[%emt 0:00:00]} 55. gxf5 {[%emt 0:00:20]} Kxf2 {[%emt 0:00:00]} 56. f6 {[%emt 0:00:44]} Nd5+ {[%emt 0:00:00]} 57. Kxb5 {[%emt 0:00:11]} Nxf6 {[%emt 0:00:00]} 0-1

[Event "WJCC U20 Open 2019"]
[Site "New Delhi"]
[Date "2019.10.17"]
[Round "4.21"]
[White "Pogosyan, Stefan"]
[Black "Albornoz Cabrera, Carlos Daniel"]
[Result "1/2-1/2"]
[WhiteElo "2364"]
[BlackElo "2581"]
[Annotator "ChessBase"]
[PlyCount "82"]
[EventDate "2019.10.15"]
[EventType "swiss"]
[EventCountry "IND"]
[SourceTitle "playchess.com"]
[Source "ChessBase"]
[SourceQuality "1"]
[TimeControl "40/5400+30:1800+30"]

1. d4 {[%emt 0:00:00]} Nf6 {[%emt 0:00:00]} 2. c4 {[%emt 0:00:00]} e6 {[%emt 0:00:00]} 3. Nf3 {[%emt 0:00:03]} d5 {[%emt 0:00:00]} 4. Nc3 {[%emt 0:00:08]} Bb4 {[%emt 0:00:00]} 5. Qa4+ {[%emt 0:00:25]} Nc6 {[%emt 0:00:01]} 6. e3 {[%emt 0:00:04]} O-O {[%emt 0:01:15]} 7. Qc2 {[%emt 0:00:34]} b6 {[%emt 0:01:55]} 8. a3 {[%emt 0:01:02]} Bxc3+ {[%emt 0:00:20]} 9. Qxc3 {[%emt 0:00:11]} Ba6 {[%emt 0:03:22]} 10. b4 {[%emt 0:07:41]} dxc4 {[%emt 0:04:38]} 11. Bxc4 {[%emt 0:00:51]} Ne4 {[%emt 0:00:48]} 12. Qc2 {[%emt 0:02:01]} Bxc4 {[%emt 0:00:07]} 13. Qxc4 {[%emt 0:00:07]} Qd5 {[%emt 0:00:08]} 14. Qxd5 {[%emt 0:02:08]} exd5 {[%emt 0:00:02]} 15. Bb2 {[%emt 0:01:37]} Nd6 {[%emt 0:01:54]} 16. Nd2 {[%emt 0:02:02]} b5 {[%emt 0:01:38]} 17. Rc1 {[%emt 0:07:43]} Nc4 {[%emt 0:01:43]} 18. Nxc4 {[%emt 0:00:36]} bxc4 {[%emt 0:00:19]} 19. Bc3 {[%emt 0:00:32]} Rfb8 {[%emt 0:14:05]} 20. Ke2 {[%emt 0:09:12]} a5 {[%emt 0:03:07]} 21. bxa5 {[%emt 0:01:18]} Rb3 {[%emt 0:03:48]} 22. Bb4 {[%emt 0:02:28]} Nxa5 {[%emt 0:04:41]} 23. Rb1 {[%emt 0:10:55]} Rxb1 {[%emt 0:00:55]} 24. Rxb1 {[%emt 0:00:04]} Nb3 {[%emt 0:00:17]} 25. g4 {[%emt 0:06:55]} f6 {[%emt 0:01:39]} 26. Kd1 {[%emt 0:02:41]} Kf7 {[%emt 0:00:52]} 27. Kc2 {[%emt 0:02:27]} h5 {[%emt 0:07:23]} 28. h3 {[%emt 0:04:12]} hxg4 {[%emt 0:02:55]} 29. hxg4 {[%emt 0:00:11]} Rh8 {[%emt 0:00:04]} 30. Kc3 {[%emt 0:02:10]} Ke6 {[%emt 0:01:52]} 31. a4 {[%emt 0:10:57]} Ra8 {[%emt 0:02:55]} 32. a5 {[%emt 0:00:10]} Ra7 {[%emt 0:01:15]} 33. f4 {[%emt 0:04:52]} g6 {[%emt 0:11:40]} 34. Rh1 {[%emt 0:04:07]} c5 {[%emt 0:01:35]} 35. Bxc5 {[%emt 0:03:47]} Nxc5 {[%emt 0:01:03]} 36. dxc5 {[%emt 0:00:09]} Rxa5 {[%emt 0:00:06]} 37. Kd4 {[%emt 0:01:18]} Ra3 {[%emt 0:01:38]} 38. f5+ {[%emt 0:00:56]} gxf5 {[%emt 0:00:05]} 39. gxf5+ {[%emt 0:00:04]} Kxf5 {[%emt 0:00:09]} 40. Kxd5 {[%emt 0:01:30]} Rd3+ {[%emt 0:00:50]} 41. Kxc4 {[%emt 0:30:45]} Rxe3 {[%emt 0:30:04]} 1/2-1/2

[Event "WJCC U20 Open 2019"]
[Site "New Delhi"]
[Date "2019.10.17"]
[Round "4.23"]
[White "Gazik, Viktor"]
[Black "Parkhov, Yair"]
[Result "1/2-1/2"]
[WhiteElo "2546"]
[BlackElo "2350"]
[Annotator "ChessBase"]
[PlyCount "88"]
[EventDate "2019.10.15"]
[EventType "swiss"]
[EventCountry "IND"]
[SourceTitle "playchess.com"]
[Source "ChessBase"]
[SourceQuality "1"]
[TimeControl "40/5400+30:1800+30"]

1. Nf3 {[%emt 0:01:46]} d5 {[%emt 0:00:00]} 2. b3 {[%emt 0:00:55]} c5 {[%emt 0:01:41]} 3. Bb2 {[%emt 0:00:18]} Nc6 {[%emt 0:00:34]} 4. e3 {[%emt 0:00:05]} Nf6 {[%emt 0:00:49]} 5. Bb5 {[%emt 0:00:52]} Bd7 {[%emt 0:01:04]} 6. O-O {[%emt 0:00:24]} e6 {[%emt 0:00:12]} 7. Bxc6 {[%emt 0:08:53]} Bxc6 {[%emt 0:00:08]} 8. Ne5 {[%emt 0:00:04]} Rc8 {[%emt 0:00:12]} 9. d3 {[%emt 0:04:27]} Be7 10. f4 {[%emt 0:03:51]} O-O {[%emt 0:01:21]} 11. Rf3 {[%emt 0:01:31]} Nd7 {[%emt 0:14:08]} 12. Rh3 {[%emt 0:02:03]} Nxe5 {[%emt 0:08:42]} 13. Qh5 {[%emt 0:14:27]} h6 {[%emt 0:00:36]} 14. fxe5 {[%emt 0:05:28]} f5 {[%emt 0:27:52]} 15. Nc3 {[%emt 0:27:59]} Qe8 {[%emt 0:02:30]} 16. Qd1 {[%emt 0:01:02]} Kh7 {[%emt 0:02:17]} 17. d4 {[%emt 0:01:18]} g5 {[%emt 0:01:40]} 18. Rf3 {[%emt 0:01:33]} cxd4 {[%emt 0:02:01]} 19. Qxd4 {[%emt 0:03:15]} b6 {[%emt 0:02:25]} 20. Rf2 {[%emt 0:13:00]} Qg6 {[%emt 0:02:28]} 21. b4 {[%emt 0:01:33]} Bd7 {[%emt 0:10:04]} 22. a3 {[%emt 0:00:43]} Rc4 {[%emt 0:01:58]} 23. Qd3 {[%emt 0:01:01]} Rfc8 {[%emt 0:01:27]} 24. Ne2 {[%emt 0:00:46]} Rf8 {[%emt 0:04:13]} 25. Nd4 {[%emt 0:02:13]} g4 {[%emt 0:04:05]} 26. Raf1 {[%emt 0:00:15]} Bg5 {[%emt 0:02:05]} 27. Qe2 {[%emt 0:01:46]} h5 {[%emt 0:00:39]} 28. e4 {[%emt 0:00:30]} Rcc8 {[%emt 0:05:51]} 29. exf5 {[%emt 0:00:33]} exf5 {[%emt 0:00:08]} 30. e6 {[%emt 0:00:50]} Rce8 {[%emt 0:00:11]} 31. Rxf5 {[%emt 0:01:22]} Rxf5 {[%emt 0:00:39]} 32. Rxf5 {[%emt 0:00:31]} Rxe6 {[%emt 0:01:12]} 33. Qf1 {[%emt 0:00:44]} Rf6 {[%emt 0:01:50]} 34. Rxf6 {[%emt 0:00:14]} Qxf6 {[%emt 0:00:51]} 35. Qe2 {[%emt 0:00:45]} Qf4 {[%emt 0:00:29]} 36. g3 {[%emt 0:00:25]} Qe3+ {[%emt 0:00:12]} 37. Kf1 {[%emt 0:00:09]} Kg6 {[%emt 0:01:17]} 38. Qa6 {[%emt 0:00:51]} Qe4 {[%emt 0:00:27]} 39. Qd3 {[%emt 0:00:22]} Qxd3+ {[%emt 0:00:18]} 40. cxd3 {[%emt 0:00:02]} Bf6 {[%emt 0:00:19]} 41. Kf2 {[%emt 0:30:22]} a5 {[%emt 0:30:31]} 42. bxa5 {[%emt 0:00:39]} bxa5 {[%emt 0:00:07]} 43. Bc3 {[%emt 0:00:06]} Bxd4+ {[%emt 0:00:08]} 44. Bxd4 {[%emt 0:00:05]} Kf5 {[%emt 0:00:18]} 1/2-1/2